Poner el adelanto tecnológico al servicio del desarrollo humano: II

Furkejuvvon:
Bibliográfalaš dieđut
Materiálatiipa: Texto
Fáttát:
Fáddágilkorat: Lasit fáddágilkoriid
Eai fáddágilkorat, Lasit vuosttaš fáddágilkora!

MARC

LEADER 00000 a a2200000 04500
001 6562
003
040
245 |a Poner el adelanto tecnológico al servicio del desarrollo humano:   |b II  
650 |a TECNOLOGIA  
650 |a DESARROLLO HUMANO  
773 |g volumen 22, número 989; páginas 14-16  
999 |c 22187  |d 22187